000 00947 a2200217 4500
999 _c2398
_d2398
020 _a9780072876253
050 0 0 _aHN 90.E4 DOM 2006
100 1 _aDomhoff, G. William
_eauthor
245 1 0 _aWho rules America? :
_bpower and politics, and social change /
_cG. William Domhoff.
250 _a5th ed.
264 _aNew york:
_bMcGraw-Hill,
_c2006
300 _axviii, 265 p. :
_bill.
500 _aincludes index
504 _aIncludes bibliographical references
650 0 _aCorporations
_xPolitical activity
651 0 _aUnited States
856 4 2 _3Publisher description
_uhttp://www.loc.gov/catdir/enhancements/fy0623/2005041604-d.html
856 4 1 _3Table of contents only
_uhttp://www.loc.gov/catdir/enhancements/fy0623/2005041604-t.html
942 _2lcc
_cBK
_e5th ed.
_h90.E4
_iDOM
_kHN